000 00442nam a2200169Ia 4500
008 230711s9999||||xx |||||||||||||| ||und||
020 _a978-81-203-0626-4
041 _aENG
082 _a621.319
_bKU-P
100 _aKusic,George.L
245 0 _aComputer- aided power systems analysis
250 _a1st . Ed.
260 _c2010
_aNew Delhi
_bPHI Learning Private Limited
300 _a403
650 _aElectrical Engineering
942 _cBK
999 _c5103
_d5103